Vida y muerte de un faraón (Record no. 55650)

MARC details
000 -LEADER
campo de control de longitud fija 00716nam a2200193 i 4500
001 - NÚMERO DE CONTROL
campo de control 55650
003 - IDENTIFICADOR DE NÚMERO DE CONTROL
campo de control ES-MaACL
005 - FECHA Y HORA DE LA ÚLTIMA TRANSACCIÓN
campo de control 20230906163204.0
007 - CAMPO FIJO DE DESCRIPCIÓN FÍSICA--INFORMACIÓN GENERAL
campo de control de longitud fija t|
008 - DATOS DE LONGITUD FIJA--INFORMACIÓN GENERAL
campo de control de longitud fija 030924s1964 sp ||||1| spa d
100 1# - ENTRADA PRINCIPAL--NOMBRE DE PERSONA
Nombre de persona Desroches-Noblecourt, Christiane.
9 (RLIN) 43937
245 10 - MENCIÓN DEL TÍTULO
Título Vida y muerte de un faraón
Resto del título : Tutankhamon /
Mención de responsabilidad, etc. Christiane Desroches-Noblecourt ; fotografías por F.L. Kenett ; epígrafes de A. Choukry ; prólogo representante de la RAU ; [traducción de Ana Cela].
260 ## - PUBLICACIÓN, DISTRIBUCIÓN, ETC.
Lugar de publicación, distribución, etc. [Barcelona] :
Nombre del editor, distribuidor, etc. Noguer,
Fecha de publicación, distribución, etc. [1964]
300 ## - DESCRIPCIÓN FÍSICA
Extensión 312 p., 28 lám. :
Otras características físicas il. ;
Dimensiones 26 cm.
700 1# - ENTRADA AGREGADA--NOMBRE PERSONAL
Nombre de persona Kenett, F. L.
9 (RLIN) 67831
700 1# - ENTRADA AGREGADA--NOMBRE PERSONAL
Nombre de persona Chokry, A.
9 (RLIN) 38598
700 1# - ENTRADA AGREGADA--NOMBRE PERSONAL
Nombre de persona Cela, Ana.
9 (RLIN) 37335
852 ## - LOCALIZACIÓN
Ubicación ES-MaACL
Número de control de estantería C-25235
Sublocalización o colección R.54146
Holdings
Estatus retirado Estado de pérdida Estado de daño No para préstamo Biblioteca de origen Biblioteca actual Ubicación en estantería Fecha de adquisición Fuente de adquisición Total de préstamos Signatura topográfica completa Código de barras Visto por última vez Precio de reemplazo Tipo de ítem Koha
        Biblioteca del Ateneo de Madrid Biblioteca del Ateneo de Madrid Depósito 2 17/01/2008     C-25235 1058463 23/02/2023 23/02/2023 Libro impreso